[Event "Airthings Masters Play In"]
[Site "Chess.com INT"]
[Date "2023.02.03"]
[Round "8"]
[White "Guliyev, Namig"]
[Black "Le, Tuan Minh"]
[Result "0-1"]
[WhiteElo "2528"]
[BlackElo "2542"]
[PlyCount "132"]
[EventDate "2023.02.03"]
[EventType "swiss (rapid)"]
[EventRounds "9"]
[EventCountry "USA"]
[SourceTitle "CBM 212 Extra"]
[Source "ChessBase"]
[SourceDate "2023.03.31"]
[SourceVersion "1"]
[SourceVersionDate "2023.03.31"]
[SourceQuality "1"]

1. e4 c5 2. Nf3 Nf6 3. Nc3 d5 4. exd5 Nxd5 5. Bb5+ Bd7 6. Ne5 Nf6 7. Nxd7 Nbxd7 8. d4 cxd4 9. Qxd4 a6 10. Be2 e6 11. 0-0 Qc7 12. Qa4 Bd6 13. g3 0-0 14. Be3 Be5 15. Bf3 Rac8 16. Rab1 h5 17. Rfc1 Rfd8 18. Ne4 Nxe4 19. Qxe4 Nc5 20. Qh4 g6 21. Rd1 b6 22. c3 a5 23. Bg5 Rd7 24. Rxd7 Qxd7 25. Rd1 Qb5 26. Bc1 Qe8 27. Kg2 Bg7 28. Qc4 Rd8 29. Rxd8 Qxd8 30. Be3 Nd3 31. Be2 Nxb2 32. Qa6 Bxc3 33. Bxb6 Qd2 34. Be3 Qd8 35. Bf3 Kg7 36. Qc6 Qf6 37. Be2 Bd4 38. Qe4 Bxe3 39. Qxe3 Na4 40. Bc4 Nc3 41. Qd3 Qe5 42. f4 Qe4+ 43. Qxe4 Nxe4 44. Bd3 Nc5 45. Bc4 Ne4 46. Bd3 Nd6 47. Kf3 Kf6 48. Ke3 e5 49. a4 exf4+ 50. gxf4 Nf5+ 51. Ke4 h4 52. Kd5 Ne3+ 53. Kd4 Ng4 54. h3 Nf2 55. Bf1 Kf5 56. Ke3 Nd1+ 57. Kd2 Nb2 58. Bb5 Kxf4 59. Kc2 Kg3 60. Kxb2 Kxh3 61. Be8 g5 62. Bxf7 g4 63. Be6 Kg3 64. Kc3 h3 65. Kd4 h2 66. Bd5 Kf2 0-1

[Event "Airthings Masters Play In"]
[Site "Chess.com INT"]
[Date "2023.02.03"]
[Round "1"]
[White "Kovalev, Vladislav"]
[Black "Guliyev, Namig"]
[Result "0-1"]
[WhiteElo "2623"]
[BlackElo "2528"]
[PlyCount "136"]
[EventDate "2023.02.03"]
[EventType "swiss (rapid)"]
[EventRounds "9"]
[EventCountry "USA"]
[SourceTitle "CBM 212 Extra"]
[Source "ChessBase"]
[SourceDate "2023.03.31"]
[SourceVersion "1"]
[SourceVersionDate "2023.03.31"]
[SourceQuality "1"]

1. e4 e5 2. Nf3 Nf6 3. Nc3 Bb4 4. Nxe5 0-0 5. Nd3 Bxc3 6. dxc3 Nxe4 7. Be2 Re8 8. 0-0 d6 9. Re1 Nd7 10. f3 Nec5 11. b3 b6 12. Bb2 Bb7 13. Qd2 a5 14. Bf1 Qh4 15. Qf4 Qxf4 16. Nxf4 Rxe1 17. Rxe1 a4 18. c4 axb3 19. axb3 Ra2 20. Rb1 Kf8 21. Ne2 Ra8 22. Nc3 Nf6 23. Kf2 Ne6 24. Ra1 Rxa1 25. Bxa1 g5 26. Nb5 Ke7 27. Bd3 h6 28. Bf5 Ne8 29. Bb2 Bc6 30. Ke3 Bd7 31. Bd3 Nf4 32. Bf1 Bf5 33. Nd4 Bd7 34. g3 Ng6 35. Bd3 Ne5 36. Nf5+ Bxf5 37. Bxf5 Ng7 38. Bh3 Nh5 39. Bc3 Nf6 40. Bf5 Ne8 41. f4 gxf4+ 42. Kxf4 Kf6 43. Bh3 Ng7 44. Ke4 Ne6 45. Kd5 Ng5 46. Bg4 c6+ 47. Kxd6 Ne4+ 48. Kc7 Nxc3 49. Bh3 b5 50. cxb5 Nxb5+ 51. Kb6 Nd4 52. c3 Nxb3 53. Bg2 c5 54. Bd5 c4 55. Kb5 Nd2 56. Kc5 Nef3 57. h3 Ng5 58. Kd4 Nxh3 59. Ke3 Nf1+ 60. Ke2 Nxg3+ 61. Kf3 Nf5 62. Bxc4 Ng5+ 63. Kf4 Ne6+ 64. Kf3 Ke5 65. Bd3 h5 66. Bf1 Ng5+ 67. Kf2 h4 68. c4 Kd4 0-1